000 00749nam a2200289Ia 4500
005 20260324125705.0
008 008 260324s9999 xx 000 0 eng d
020 _a9781315702438
037 _aEBOOK
040 _aCRL
040 _beng
040 _cCRL
041 _2eng
041 _aeng
084 _qCRL
100 _aAnita Ganeri
_91178943
245 0 _aMesoamerican Myth: A Treasury of Central American Legends, Art, and History
245 2 _bA Treasury of Central American Legends, Art, and History
260 _bTaylor and Francis
260 _c2008
365 _a
365 _b230
856 _uhttp://www.taylorfrancis.com/books/9781315702438
942 _cEBOOK
999 _c1774439
_d1774439